La circulación de ideas como factor de incidencia en los procesos políticos /

El cambio producido en las políticas públicas es un tema que concita el interés de los analistas y que ha generado distintas formas de abordaje. Aquí se trabaja un marco de referencia que se compone por un lado, de un enfoque que relaciona la dimensión societal y la dimensión estatal, como fuentes e...

Descripción completa

Detalles Bibliográficos
Autor principal: Bevilacqua, Laura Paulo
Formato: Analitica de revista
Lenguaje:español
Publicado: Montevideo, Uruguay EPPAL 2005
Materias:

MARC

LEADER 00000cab a2200000 a 4500
001 047804
003 UAHC_CL
005 20170803125254.0
008 090820b2005 uy 000 spa
040 |a UAHC_CL  |c UAHC_CL  |d UAHC_CL 
100 1 |a Bevilacqua, Laura Paulo 
245 1 3 |a La circulación de ideas como factor de incidencia en los procesos políticos /  |c Laura Paulo Bevilacqua. 
260 |b EPPAL  |c 2005  |a Montevideo, Uruguay 
300 |a p. 28-36 
500 |a En: Trabajo Social. Revista regional de trabajo social. Vol. XIX, no. 34, 2005. pp. 28-36. ISSN: 07970226. 
520 |a El cambio producido en las políticas públicas es un tema que concita el interés de los analistas y que ha generado distintas formas de abordaje. Aquí se trabaja un marco de referencia que se compone por un lado, de un enfoque que relaciona la dimensión societal y la dimensión estatal, como fuentes explicativas de las innovaciones referidas. Por otra parte, toma en consideración el rol de las ideas en la conformación de preferencias y estrategias de los actores y por consiguiente, en la formulación de las políticas públicas. Se considera que éste constituye un aporte de gran rendimiento para el Trabajo Social, en la medida en que incorpora variables claramente identificables en el ejercicio profesional. 
520 |a El cambio producido en las políticas públicas es un tema que concita el interés de los analistas y que ha generado distintas formas de abordaje. Aquí se trabaja un marco de referencia que se compone por un lado, de un enfoque que relaciona la dimensión societal y la dimensión estatal, como fuentes explicativas de las innovaciones referidas. Por otra parte, toma en consideración el rol de las ideas en la conformación de preferencias y estrategias de los actores y por consiguiente, en la formulación de las políticas públicas. Se considera que éste constituye un aporte de gran rendimiento para el Trabajo Social, en la medida en que incorpora variables claramente identificables en el ejercicio profesional. 
520 |a El cambio producido en las polÌticas públicas es un tema que concita el interÈs de los analistas y que ha generado distintas formas de abordaje. AquÌ se trabaja un marco de referencia que se compone por un lado, de un enfoque que relaciona la dimensiÛn societal y la dimensiÛn estatal, como fuentes explicativas de las innovaciones referidas. Por otra parte, toma en consideraciÛn el rol de las ideas en la conformaciÛn de preferencias y estrategias de los actores y por consiguiente, en la formulaciÛn de las polÌticas públicas. Se considera que Èste constituye un aporte de gran rendimiento para el Trabajo Social, en la medida en que incorpora variables claramente identificables en el ejercicio profesional. 
653 |a TRABAJO SOCIAL 
759 |a PP175 
773 0 |t Tradición y saber : revista académica de la Universidad Bernardo O' Higgins  |w 047848 
900 |a TRAB. SOC. (MONTEV.)-34/05 
942 |c REVA 
952 |0 0  |1 0  |4 0  |6 TRAB___SOC__MONTEV_34_05_000000000000000  |7 0  |8 General  |9 86209  |a BC  |b BC  |c General  |d 2017-08-03  |l 0  |o TRAB. SOC. (MONTEV.)-34/05  |p FICTICIO7898  |r 2019-01-08 00:00:00  |t 1  |w 2017-08-03  |y REVA 
999 |c 47804  |d 47804